Statistiques concernant Les plus grandes villes du Mexique

Cliquez ici pour prendre le quiz!

Statistiques générales

  • Ce quiz a été pris 277 fois
    (267 depuis la dernière actualisation)
  • Le résultat moyen est 7 sur 20

Statistiques - réponses

Nombre d'habitantsVilles% Correct
20 892 724México
100%
4 887 383Guadalajara
92%
4 689 601Monterrey
83%
2 941 988Puebla
63%
1 768 193León
47%
1 143 041Mérida
46%
915 213Veracruz
40%
1 187 275Juárez
37%
918 339Chihuahua
34%
1 159 807San Luis Potosí
29%
2 202 886Toluca
28%
1 323 640Querétaro
27%
1 044 049Aguascalientes
20%
988 417Mexicali
19%
983 365Cuernavaca
16%
916 854Tampico
16%
911 960Morelia
15%
905 265Culiacán
14%
923 636Saltillo
8%
1 342 195La Laguna
2%

Distribution des résultats

Percentile par nombre de réponses

% des personnes avec chaque résultat

Votre développement - résultats

Vous n’avez pas pris ce quiz depuis la dernière actualisation